000 00635nac a22001811u 4500
020 _a8120323432
082 _a005.74
_bI127
090 _c765
_d765
100 _a20080729
245 _aAn Introduction to Building the Data Warehouse.
260 _aNew Delhi :
_bPrentice-Hall of India,
_c2005.
300 _a272 p. :
_bill. ;
_c24 cm.
500 _aIncludes index.
650 _aData warehousing.
710 _aIBM
942 _cBB
_k005.74I127
999 _c765
_d765